Score 0/25 Timer 06:00
3 Plays Today
% Correct
Two and a Half Men
95.3%
Baywatch
93%
Orange Is the New Black
92%
Breaking Bad
91.3%
Clifford the Big Red Dog
84.6%
Frasier
84.3%
BoJack Horseman
83.5%
The King of Queens
82.2%
My Name Is Earl
81.6%
Married... with Children
81.6%
2 Broke Girls
65.3%
Freaks and Geeks
62.9%
True Blood
62.2%
% Correct
Avatar: The Last Airbender
60.6%
Ally McBeal
58.2%
Alias
47.6%
Law & Order
45.5%
The Last Man on Earth
44.3%
NewsRadio
43.1%
Chuck
39.9%
Step by Step
38.7%
Medium
37.9%
Rocko's Modern Life
35.2%
The Mysteries of Laura
15.7%
JAG
11.1%
Remove Ads.
Support Sporcle.
Get the best of Sporcle when you Go Orange. This ad-free experience offers more features, more stats, and more fun while also helping to support Sporcle. Thank you for becoming a member.

You're not logged in!

Compare scores with friends on all Sporcle quizzes.
OR
Log In

Show Comments

Extras

Top Quizzes Today


Score Distribution

Your Account Isn't Verified!

In order to create a playlist on Sporcle, you need to verify the email address you used during registration. Go to your Sporcle Settings to finish the process.

Report this User

Report this user for behavior that violates our Community Guidelines.

Details: